Sports Quiz

Random Sports Quiz

UFC Main Events (Part 7: 2014-2015) Quiz Stats

 Plays Quiz not verified by Sporcle

Challenge
Share
Tweet
Embed
Score 0/174 Timer 09:00
1 Play Today
Event Fighter % Correct
UFC 189Conor McGregor
98.5%
UFC 194Conor McGregor
98.5%
UFC 194José Aldo
96.2%
UFC 191Demetrious Johnson
94.7%
UFC 182Jon Jones
93.9%
UFC 172Jon Jones
93.3%
UFC 192Daniel Cormier
93.2%
UFC 186Demetrious Johnson
92.6%
UFC 187Anthony Johnson
92.6%
UFC 190Ronda Rousey
92.5%
UFC 193Ronda Rousey
92.5%
UFC on Fox 14Anthony Johnson
92%
UFC 174Demetrious Johnson
91.8%
UFC 178Demetrious Johnson
91.7%
UFC 189Chad Mendes
91%
The Ultimate Fighter 22 FinaleChad Mendes
91%
UFC 183Anderson Silva
90.9%
UFC Fight Night 61Antônio Silva
90.3%
UFC 184Ronda Rousey
90.3%
The Ultimate Fighter 22 FinaleFrankie Edgar
90.2%
UFC 187Daniel Cormier
89.2%
UFC 179José Aldo
88.7%
UFC 171Robbie Lawler
88.7%
UFC Fight Night 51Antônio Silva
87.7%
UFC on Fox 12Robbie Lawler
87.6%
UFC Fight Night 40Erick Silva
87.5%
UFC 170Ronda Rousey
87.4%
UFC on Fox 17Rafael dos Anjos
87.2%
UFC 181Robbie Lawler
86.6%
UFC Fight Night 59Conor McGregor
86.2%
UFC Fight Night 66Frankie Edgar
85.8%
UFC 182Daniel Cormier
85.3%
UFC 169Urijah Faber
85.2%
UFC on Fox 16T.J. Dillashaw
85%
UFC 192Alexander Gustafsson
85%
UFC on Fox 17Donald Cerrone
85%
UFC 183Nick Diaz
84.7%
UFC 171Johnny Hendricks
84.4%
UFC Fight Night 38Dan Henderson
84.3%
UFC 193Holly Holm
84.2%
UFC Fight Night 63Chad Mendes
84.1%
The Ultimate Fighter Nations Finale (Australia vs. Canada)Michael Bisping
83.7%
UFC Fight Night 66Urijah Faber
83.5%
UFC Fight Night 42Benson Henderson
82.8%
UFC 188Fabrício Werdum
82.8%
UFC Fight Night 72Michael Bisping
82.7%
UFC on Fox 10Benson Henderson
82.7%
UFC 169Renan Barão
82.6%
UFC Fight Night 48Michael Bisping
82.6%
UFC Fight Night 68Dan Henderson
82.4%
UFC Fight Night 49Benson Henderson
82.2%
UFC Fight Night 46Conor McGregor
82.2%
UFC Fight Night 55Michael Bisping
82%
UFC Fight Night 60Benson Henderson
81.8%
UFC 185Rafael dos Anjos
81.8%
UFC 180Fabrício Werdum
81.6%
UFC 179Chad Mendes
81.5%
UFC 173T.J. Dillashaw
81.3%
Event Fighter % Correct
UFC 175Lyoto Machida
81.3%
UFC Fight Night 65Mark Hunt
81.3%
UFC 181Johny Hendricks
81.2%
UFC Fight Night 55Luke Rockhold
80.8%
UFC Fight Night 57Frankie Edgar
80.8%
UFC on Fox 15Luke Rockhold
80.7%
UFC 173Renan Barão
80.6%
UFC Fight Night 79Benson Henderson
80.5%
UFC 177T.J. Dillashaw
80.3%
UFC Fight Night 36Lyoto Machida
80.2%
UFC Fight Night 52Mark Hunt
80.2%
UFC 180Mark Hunt
79.9%
UFC Fight Night 77Dan Henderson
79.7%
UFC Fight Night 58Lyoto Machida
79.7%
UFC on Fox 11Fabrício Werdum
79.5%
UFC 185Anthony Pettis
79%
UFC 175Chris Weidman
78.7%
The Ultimate Fighter 19 FinaleFrankie Edgar
78.3%
UFC on Fox 16Renan Barão
78.2%
UFC Fight Night 40Matt Brown
77.9%
UFC on Fox 15Lyoto Machida
77.3%
UFC on Fox 12Matt Brown
76.8%
UFC Fight Night 70Lyoto Machida
76.8%
UFC on Fox 14Alexander Gustafsson
76%
UFC 188Cain Velasquez
75.3%
UFC Fight Night 35Luke Rockhold
74.9%
UFC Fight Night 77Vitor Belfort
74.4%
UFC Fight Night 37Alexander Gustafsson
72.5%
UFC Fight Night 52Roy Nelson
71.8%
UFC Fight Night 39Roy Nelson
71.4%
UFC 184Cat Zingano
71%
UFC Fight Night 53Gunnar Nelson
69.7%
UFC Fight Night 65Stipe Miocic
69.3%
UFC 191John Dodson
69.2%
UFC Fight Night 75Roy Nelson
69.2%
The Ultimate Fighter Brazil 3 FinaleStipe Miocic
68.9%
UFC Fight Night 45Donald Cerrone
68.6%
UFC on Fox 13Stipe Miocic
68.5%
UFC Fight Night 38Maurício Rua
67.6%
UFC Fight Night 48Cung Le
66.8%
UFC 170Sara McMann
66%
UFC Fight Night 71Frank Mir
65.4%
UFC Fight Night 59Dennis Siver
64.9%
UFC 172Glover Teixeira
64.4%
UFC Fight Night 73Glover Teixeira
63.9%
UFC Fight Night 56Maurício Rua
62.3%
UFC Fight Night 61Frank Mir
61.9%
UFC Fight Night 63Ricardo Lamas
60.8%
UFC on Fox 11Travis Browne
59.8%
UFC Fight Night 70Yoel Romero
59.5%
The Ultimate Fighter 19 FinaleB.J. Penn
57.3%
The Ultimate Fighter Nations Finale (Australia vs. Canada)Tim Kennedy
57.3%
UFC Fight Night 54Rory MacDonald
56.2%
UFC Fight Night 36Gegard Mousasi
53.4%
The Ultimate Fighter: China Finale (UFC Fight Night 37)Dong Hyun Kim
53.3%
UFC Fight Night 67Carlos Condit
52.8%
UFC 190Bethe Correia
52.6%
UFC Fight Night 73Ovince Saint Preux
52.6%
Event Fighter % Correct
UFC 177Joe Soto
52.5%
UFC Fight Night 80Rose Namajunas
51.9%
UFC on Fox 10Josh Thomson
51.6%
UFC Fight Night 57Cub Swanson
51.5%
UFC Fight Night 44Cub Swanson
51.3%
UFC Fight Night 41Gegard Mousasi
50.9%
UFC Fight Night 80Paige VanZant
50.4%
UFC Fight Night 46Diego Brandão
49.6%
UFC Fight Night 74Max Holloway
49.6%
UFC Fight Night 51Andrei Arlovski
49.6%
UFC Fight Night 50Gegard Mousasi
48.4%
The Ultimate Fighter Latin America 2 Finale/UFC Fight Night 78Kelvin Gastelum
47.4%
UFC Fight Night 50Ronaldo Souza
47.2%
UFC 178Chris Cariaso
46.8%
UFC Fight Night 75Josh Barnett
46.6%
UFC 186Kyoji Horiguchi
46.6%
UFC Fight Night 39Antônio Rodrigo Nogueira
45.5%
UFC Fight Night 41Mark Muñoz
45.4%
UFC Fight Night 47Ryan Bader
44.8%
The Ultimate Fighter Latin America 2 Finale/UFC Fight Night 78Neil Magny
44.4%
UFC Fight Night 60Brandon Thatch
44.3%
UFC Fight Night 45Jim Miller
43.9%
UFC Fight Night 34Hyun Gyu Lim
43.9%
UFC Fight Night 37Jimi Manuwa
43.6%
UFC Fight Night 62Demian Maia
43.2%
UFC Fight Night 34Tarec Saffiedine
43%
UFC on Fox 13Junior dos Santos
42%
The Ultimate Fighter 20 FinaleRose Namajunas
41.6%
UFC Fight Night 35Constantinos Philippou
41.1%
UFC Fight Night 53Rick Story
41%
UFC Fight Night 71Todd Duffee
40.6%
UFC Fight Night 72Thales Leites
40.6%
UFC 174Ali Bagautinov
40.3%
The Ultimate Fighter: China Finale (UFC Fight Night 37)John Hathaway
40.2%
UFC Fight Night 58C.B. Dollaway
39.4%
UFC Fight Night 68Tim Boetsch
38.6%
UFC Fight Night 54Tarec Saffiedine
38.2%
The Ultimate Fighter 20 FinaleCarla Esparza
37.8%
UFC Fight Night 79Jorge Masvidal
36.8%
The Ultimate Fighter 21 FinaleJake Ellenberger
36.1%
The Ultimate Fighter Brazil 3 FinaleFábio Maldonado
34.8%
UFC Fight Night 67Thiago Alves
34.7%
UFC Fight Night 42Rustam Khabilov
33.2%
UFC Fight Night 74Charles Oliveira
31.6%
UFC Fight Night 44Jeremy Stephens
30.7%
UFC Fight Night 76Louis Smolka
29.3%
UFC Fight Night 76Paddy Holohan
27.8%
UFC Fight Night 56Ovince St. Preux
27.6%
UFC Fight Night 49Rafael dos Anjos
27.4%
UFC Fight Night 47Ovince St. Preux
26.6%
UFC Fight Night 64Gabriel Gonzaga
24.4%
UFC Fight Night 69Joanna Jędrzejczyk
24.4%
UFC Fight Night 69Jessica Penne
24.4%
UFC Fight Night 62Ryan LaFlare
23.3%
UFC Fight Night 64Mirko Filipović
23.3%
UFC Fight Night 43Nate Marquardt
19.5%
UFC Fight Night 43James Te Huna
19.5%
The Ultimate Fighter 21 FinaleStephen Thompson
0%

You're not logged in!

Compare scores with friends on all Sporcle quizzes.
Join for Free
OR
Log In

You Might Also Like...

Show Comments

Extras

Top Quizzes Today


Score Distribution

Your Account Isn't Verified!

In order to create a playlist on Sporcle, you need to verify the email address you used during registration. Go to your Sporcle Settings to finish the process.

Report this User

Report this user for behavior that violates our Community Guidelines.

Details: